Les Musées de Londres (Record no. 115838)

MARC details
000 -LEADER
campo de control de longitud fija 00516nam a2200145 4500
001 - NÚMERO DE CONTROL
campo de control 115838
003 - IDENTIFICADOR DE NÚMERO DE CONTROL
campo de control ES-MaACL
007 - CAMPO FIJO DE DESCRIPCIÓN FÍSICA--INFORMACIÓN GENERAL
campo de control de longitud fija t|
008 - DATOS DE LONGITUD FIJA--INFORMACIÓN GENERAL
campo de control de longitud fija 061121s1912 fr r ||||1| fre d
245 04 - MENCIÓN DEL TÍTULO
Título Les Musées de Londres
Resto del título : National Gallery. Collection Richard Vallace. Galerie Nationale d'Art britanique /
Mención de responsabilidad, etc. textes par divers collaborateurs ; préface de M. Gabriel Mourey.
260 ## - PUBLICACIÓN, DISTRIBUCIÓN, ETC.
Lugar de publicación, distribución, etc. Paris :
Nombre del editor, distribuidor, etc. Laurens,
Fecha de publicación, distribución, etc. 1912.
300 ## - DESCRIPCIÓN FÍSICA
Extensión x p. 36 láms ;
Dimensiones 27 cm.
700 1# - ENTRADA AGREGADA--NOMBRE PERSONAL
Nombre de persona Mourey, Gabriel.
9 (RLIN) 83899
852 ## - LOCALIZACIÓN
Ubicación ES-MaACL
Número de control de estantería B-6489
Holdings
Estatus retirado Estado de pérdida Estado de daño No para préstamo Biblioteca de origen Biblioteca actual Ubicación en estantería Fecha de adquisición Fuente de adquisición Total de préstamos Signatura topográfica completa Código de barras Visto por última vez Precio de reemplazo Tipo de ítem Koha
        Biblioteca del Ateneo de Madrid Biblioteca del Ateneo de Madrid Sala Pardo Bazán 17/01/2008     B-6489 1120800 23/02/2023 23/02/2023 Libro impreso